000 01525cam a2200385 a 4500
001 15754634
003 OSt
005 20140310182700.0
008 090529s2011 mdu b 001 0 eng
010 _a 2009021222
020 _a9780739133064 (cloth : alk. paper)
020 _a9789712725463
035 _a(OCoLC)ocn351307281
040 _aDLC
_cDLC
_dBTCTA
_dYDXCP
_dC#P
_dBWX
_dCDX
_dDLC
043 _aa-ph---
050 0 0 _aJQ 1416
_b.T121 2009
082 0 0 _aM 332.44
_bG562 2011
245 0 0 _aGlobal civil society movements in the Philippines
_cTadem, Teresa Encarnacion
260 _aPhilippines. :
_bANVIL,
_cc2011
300 _axx, 294 p. ;
_c24 cm.
500 _a"Published in partnership with United Nations Research Institute for Social Development (UNRISD)."
504 _aIncludes bibliographical references and index.
521 _aHigh School to College Student
526 _c0L to 1700L
541 _j1
562 _efor circulation. 1 copy available in the collection
650 0 _aSocial movements
_xPolitical aspects
_zPhilippines.
650 0 _aCivil society
_zPhilippines.
651 0 _aPhilippines
_xPolitics and government
_y1986-
700 1 _aTadem, Teresa S. Encarnacion.
710 2 _aUnited Nations Research Institute for Social Development.
906 _a7
_bcbc
_corignew
_d1
_eecip
_f20
_gy-gencatlg
942 _2lcc
_cBK
_kM
999 _c15159
_d15159